000 00719nam a22002057a 4500
005 20240216113248.0
010 _aENG-139308
020 _c960.00
_a9789356064058
035 _aEN-122840
037 _bDBAD/PUB
082 _a510
_21
100 _aJain, Prashant
_962206
245 _aPathfinder For Pre-RMO/IOQM/
_cBy Prashant Jain
250 _a1
260 _aUttar Pradesh
_bPearson India Education Pvt Ltd
_c2023
270 _bUttar Pradesh
_a15th FLoor, Tower-B, World Trade Tower, Plot No.1, Block- C, Sector-16, Noida
_e201301
300 _avpp.
_c25cm(pb)
_bIndex
500 _aPre Regional Mathematical Olympiad Indian Olympiad Qualifiers In Mathematics
942 _2ddc
_cEN
_h510
_mJAI
_e1
999 _c200841
_d200841